| 000 | 00990nam a22002777a 4500 | ||
|---|---|---|---|
| 008 | 240821b mp ||||| |||| 00| 0 mon d | ||
| 020 | _a978-99973-2-291-3 | ||
| 035 | _a7675 | ||
| 040 |
_aDXO45059 _bmon _cMN-UlNLM _dMN-UlNLM _erda |
||
| 041 | _amon | ||
| 082 |
_210-t _a305.235 _bН- 10 |
||
| 100 | _aНайк. А | ||
| 245 | 0 | _aӨсвөр нас /хөвгүүдэд/ | |
| 245 | 0 | _bхөвгүүдэд зориулав | |
| 245 | 0 | _cРед. Т. Содгэрэл, А. Гэрэл | |
| 250 | _a1 | ||
| 264 |
_aУлаанбаатар _bӨнжи- Агат ХХК _c2017 |
||
| 300 | _a230х. | ||
| 336 |
_2rdacontent _atext _btxt |
||
| 337 |
_2rdamedia _aunmediated _bn |
||
| 338 |
_2rdacarrier _avolume _bnc |
||
| 505 | _tбие сэтгэлийн хөгжил; жинхэнэ эр хүн гэж хэн бэ; хүний хэрэгцээ; моод ба хэв маяг; хувь хүний хөгжил | ||
| 650 | _aсалбар | ||
| 942 |
_210-t _cBK |
||
| 999 |
_c1132947 _d1133004 |
||